000 00985nam a22003375b 4500
001 2675
003 DO-SdBNP
005 20180221102701.0
007 2675
008 921008s1994 sp a |||| ||spa
016 7 _a
_2BPMSU
017 _a
_b
020 _a8434836769
035 _a
040 _aBPMSU
_bspa
_cPMSU
_e
041 1 _aspa
_h
080 0 _a
100 1 _aNöstlinger, Christine
_d1936-
240 1 _aKrankengeschichten von Franz /
_lale.
245 1 0 _aCatarro a la pimienta (y otras historias de Franz)/
_cChristine Nöstlinger ; traducción Asun Balzola
_h
250 _a3a. ed.
260 _aMadrid :
_bSM
_c1994
300 _a77 p. :
_b il.,
_c19 cm
490 0 _aEl barco de vapor
_v
_aSerie azul
_v42
521 _aA partir de 7 años.
700 1 _aBalzola, Asun
_d1942-2006
_etr.
830 0 _aEl barco de vapor
_v 42
_pSerie azul
942 _2ddc
_cBK
945 _aInventariado, 2018/ YL
956 _aVMATEO
_210
_320160404
_6BPMSU
_800069
999 _c9536
_d9536